00185nam a22000857a 4500082001600000100001900016245003800035260001800073300000800091 a621.3815FAR aFarrukh Saleem aElectronics questions and answers aKarachic1984 a128